STN EN 60726 Suché výkonové transformátory

Bibliographic Details
Format: Book
Language:Undetermined
Published: Bratislava Slovenský ústav technickej normalizácie 2004
Subjects:

MARC

LEADER 00000nam a2200000 a 4500
001 vtls001478278
003 SK-MaSNL
005 20260301044439.0
008 130607s2004 xo 0 und
035 |a SNK000433578 
040 |a SNK  |b slo  |c SNK  |e AACR2 
044 |a xo  |c SK 
245 1 |a STN EN 60726 Suché výkonové transformátory 
260 |a Bratislava  |b Slovenský ústav technickej normalizácie  |c 2004 
500 |a táto norma nahrádza STN 35 1111 z júna 2002 v celom rozsahu 
655 7 |a normy  |2 SNK  |9 70643 
999 |c 596016  |d 597946 
952 |t P60, <03>, [BOOK], {603}  |a SNK  |b SNK  |y PREZ  |7 0  |p 17A0435433  |o snkSTN EN 60726  |i snkN 2706/2004  |0 0  |1 0  |4 0  |d 2004-07-12  |l 0  |r 2005-01-02 00:00:00  |w 2026-02-23 
952 |t P66, <07>, [BOOK], {667}  |a SNK  |b SNK  |y PREZ  |7 0  |p 17A0435432  |o snkSTN EN 60726 D1  |i snkN 2707/2004  |0 0  |1 0  |4 0  |d 2004-07-12  |l 0  |r 2005-01-02 00:00:00  |w 2026-02-23